000 04111cam a22004574i 4500
003 PE-LiUPU
005 20250731165436.0
008 160512s2001 xxua grm 000 0 eng d
035 _a(Sirsi) a156704
040 _aPE-LiUPU
_bspa
_cPE-LiUPU
_erda
099 _aSP 4
_bG19 2001
100 1 _aGálvez Vivanco, César Augusto
_eautor
245 1 _aHow peruvian mothers appraise pneumonia and the predictors of their intention to seek medical care when their children have signs of pneumonia /
_cCésar Augusto Gálvez Vivanco.
264 0 _c2001.
300 _a154 hojas
_c30 cm
336 _atext
_2rdacontent
337 _aunmediated
_2rdamedia
338 _avolume
_2rdacarrier
502 _aTesis
_b(Dr.) --
_c>Loma Linda University,
_d2001.
504 _aIncluye referencias
520 3 _aPneunomia ocupa el primer lugar los problemas de salud que exigen atención, y en segundo lugar en la causa de la mortalidad de los niños menores de cinco años ODL en Perú (Toledo y Minaya, 1999). Los estudios sobre los determinantes de comportamiento que influyen en las madres a buscar ayuda médica para su niño con signos de neumonía no se centran en la contribución de los factores determinantes del comportamiento a la intención de buscar ayuda médica. Usando la teoría del comportamiento planificado (TPB) y un diseño transversal, los objetivos de este estudio fueron conocer en primer lugar, las percepciones de madres peruanas sobre el conocimiento y reconocimiento de la neumonía, y sobre la campaña del gobierno sobre la neumonía. En segundo lugar, las percepciones de las actitudes, normas y control de las madres que influyen su intención de buscar ayuda médica. Se seleccionaron 501 madres al azar de la Asentamientos Humanos (AH) de Lima y fueron entrevistados en junio y julio de 2000. Los datos fueron analizados utilizando estadística descriptiva, análisis factorial, y un modelo de regresión lineal. Se utilizó el análisis ruta para identificar predictores de la intención. La mayoría de las madres creían que la neumonía era peligroso. 58,7% indicó que la neumonía era causada por la falta de atención de sus padres. Sólo el 28,9% cree que un virus causa la neumonía. Más del 80% eligió correctamente la respiración rápida y / o retracción del pecho de una lista de posibles signos y síntomas de forma encaminadas a reconocer la neumonía, y el 94,6% dijeron que estaban dispuestos a llevar a su hijo al centro de salud más cercano si pensaban que su niño tenía neumonía. A pesar de que el 57,1% dijo que había oído hablar de la GPC, sólo 61 madres fueron capaces de recordar el lema de alguna manera. La respuesta de las madres a los elementos de intención de mostrar que definitivamente intentaron llevar a sus hijos al centro de salud más cercano. A pesar de que el 37,4% se sentiría nervioso 30% se sentiría tranquila. 54% tienden a sentirse muy presionados a buscar ayuda médica por referentes importantes. Se sienten seguros de sí mismos; Sin embargo, ellos no tienen suficiente dinero. De las madres entrevistadas 16.4% no estaban al tanto de la neumonía y sus posibles consecuencias. La mayoría de ellos dijeron que podían reconocer la neumonía través de los signos promovidas por campaña de neumonía del gobierno. norma subjetiva fue el mejor perdictor de la intención. Estos resultados sugieren que la campaña de neumonía del gobierno debe poner de relieve la presión social para alentar a las madres a buscar ayuda médica.
526 _aSEG44
526 _aSEG26
526 _aP151
526 _aP150
526 _aP149
526 _aP146
526 _aP145
526 _aP126
526 _aP125
526 _aP92
526 _aP75
526 _aP74
526 _aP27
526 _aP15
650 0 4 _aMadres
_xNeumonía en niños.
650 0 4 _aNeumonía en niños
_xPrevención.
596 _a1
942 _2ddc
_cTESIS
999 _aSP 4 G19 2001
_wALPHANUM
_c9354
_iT00427
_lCCODEBUL3
_mBUL
_r1
_sY
_tTESIS
_u2016-5-12
_xPOSGRADO
_zUNKNOWN
_o.STAFF. Tesis
_d9354
980 _81
_gALBERTO SANCHEZ Responsable de Automatización